TRIBUS (Record no. 9206)
[ view plain ]
| 000 -LEADER | |
|---|---|
| fixed length control field | 00415cas a2200157 4500 |
| 008 - FIXED-LENGTH DATA ELEMENTS--GENERAL INFORMATION | |
| fixed length control field | 100616n eng u |
| 022 ## - INTERNATIONAL STANDARD SERIAL NUMBER | |
| International Standard Serial Number | 0082-6413 |
| 035 ## - SYSTEM CONTROL NUMBER | |
| System control number | (Sirsi) a170121 |
| 050 ## - LIBRARY OF CONGRESS CALL NUMBER | |
| Classification number | GN1.T7 |
| 245 ## - TITLE STATEMENT | |
| Title | TRIBUS |
| 260 ## - PUBLICATION, DISTRIBUTION, ETC. | |
| Place of publication, distribution, etc. | Stuttgart |
| Name of publisher, distributor, etc. | Linden-Museum |
| Date of publication, distribution, etc. | 2011. |
| 310 ## - CURRENT PUBLICATION FREQUENCY | |
| Current publication frequency | Annually. |
| 362 ## - DATES OF PUBLICATION AND/OR SEQUENTIAL DESIGNATION | |
| Dates of publication and/or sequential designation | No.13, 1964 - No.60. 2011. |
| 520 ## - SUMMARY, ETC. | |
| Summary, etc. | It contains articles on academic scholarly. |
| 650 ## - SUBJECT ADDED ENTRY--TOPICAL TERM | |
| Topical term or geographic name entry element | Museum. |
| Withdrawn status | Lost status | Source of classification or shelving scheme | Damaged status | Not for loan | Home library | Current library | Shelving location | Total Checkouts | Full call number | Barcode | Date last seen | Copy number | Price effective from | Koha item type |
|---|---|---|---|---|---|---|---|---|---|---|---|---|---|---|
| Library of Congress Classification | Main Library | Main Library | Serials | GN1.T7 | 6413582009 | 08/12/2019 | 1 | 08/12/2019 | Periodical | |||||
| Library of Congress Classification | Main Library | Main Library | Serials | GN1.T7 | 6413522002 | 08/12/2019 | 2 | 08/12/2019 | Periodical | |||||
| Library of Congress Classification | Main Library | Main Library | Serials | GN1.T7 | 6413602011 | 08/12/2019 | 3 | 08/12/2019 | Periodical | |||||
| Library of Congress Classification | Main Library | Main Library | Serials | GN1.T7 | 6413131964 | 08/12/2019 | 4 | 08/12/2019 | Periodical | |||||
| Library of Congress Classification | Main Library | Main Library | Serials | GN1.T7 | 6413662017 | 08/12/2019 | 5 | 08/12/2019 | Periodical |